000 00909nam a2200229Ii 4500
003 JO-AjNU
008 230605s9999||||xx |||||||||||||| ||und||
017 _a2009/6/2446
020 _a978-9957-24-510-8
040 _aJO-AjNU
_bara
_erda
_cJO-AjNU
041 _aara
050 1 4 _aBP940.2.N39 2010
100 3 _aنزال، عبد الله إبراهيم ؛ م.مشارك: محمود حسين الوادي,
_eauthor
_930150
245 0 0 _aالخدمات في المصارف الإسلامية : آليات تطوير عملياتها
250 _aط1
264 3 1 _aعمان: دار صفاء للنشر والتوزيع، 2010
300 _a616ص
_bفهرس المصادر والمراجع ص 597-615
336 _atext
_btxt
_2rdacontent
337 _aunmediated
_bn
_2rdamedia
338 _avolume
_bnc
_2rdacarrier
650 4 _aالبنوك الاسلامية- الاقتصاد الاسلامي
_930151
999 _aA11918
_c15486
_d15486